Panie k deťom a na upratovanie Podoby platenej práce v domácnosti

Saved in:
Bibliographic Details
Main Author Sekeráková, Zuzana
Format Electronic eBook
LanguageCzech
Published Masarykova univerzita 2018
Edition1. elektronické vydání
Subjects
Online AccessDostupné v BOOKPORT po přihlášení pomocí eduID
ISBN978-80-210-8763-7
978-80-210-8762-0
Physical Description1 online zdroj (156 stran)

Cover

LEADER 00000nam a2200000 i 4500
001 bkp531744132
003 CZ-prgp
005 20190819115444.0
006 m o d
007 cr cn
008 190819s2018 xr o 000 0 cze
020 |a 978-80-210-8763-7  |c 247 Kč  |q (online ; pdf) 
020 |a 978-80-210-8762-0  |c 290 Kč  |q (print) 
040 |a Grada  |b cze  |e rda 
100 1 |a Sekeráková, Zuzana 
245 1 0 |a Panie k deťom a na upratovanie  |b Podoby platenej práce v domácnosti  |c Zuzana Sekeráková 
250 |a 1. elektronické vydání 
264 1 |b Masarykova univerzita  |c 2018 
300 |a 1 online zdroj (156 stran) 
336 |a text  |b txt  |2 rdacontent 
337 |a počítač  |b c  |2 rdamedia 
338 |a online zdroj  |b cr  |2 rdacarrier 
520 3 |a Monografia Panie k deťom a na upratovanie: Podoby platenej práce v domácnosti popisuje vznikajúci trh týkajúci sa platených prác v domácnosti na Slovensku. Kniha sleduje situáciu, ktorá je pri najímaní pracovníčok v domácnosti nezvyčajná - na rozdiel od väčšiny európskych krajín na Slovensku nie sú ako pracovníčky v domácnosti zamestnávané prevažne migrantky, ale takmer výlučne ženy, ktoré majú občianstvo a väčšinou aj tú istú národnosť ako rodiny, ktoré ich zamestnávajú. 
650 0 4 |a Sociologie 
856 4 0 |u https://www.bookport.cz/AccountSaml/SignIn/?idp=https://shibboleth.utb.cz/idp/shibboleth&returnUrl=/kniha/panie-k-detom-a-na-upratovanie-5161/  |y Dostupné v BOOKPORT po přihlášení pomocí eduID